The Binding of Isaac Challenge Rewards - Statistics

General Stats
  • This quiz has been taken 139 times
  • The average score is 14 of 45
Answer Stats
Challenge Reward % Correct
High Brow Rune of Jera
83%
Suicide King Suicide King
69%
The Family Man Epic Fetus
61%
Solar System Rune of Perthro
60%
Aprils Fool Maggy Now Holds a Pill!
59%
Pitch Black Rune of Hagalaz
59%
Ultra Hard Samson Feels Healthy!
59%
Purist Rune of Berkano
54%
Head Trauma Rune of Ehwaz
53%
Cat Got Your Tongue Rune of Algiz
49%
The Tank Rune of Ansuz
46%
Darkness Falls Rune of Dagaz
46%
Waka Waka Death's Touch
45%
The Guardian Blank Rune
40%
Glass Cannon Rules Card
39%
When Life Gives You Lemons Card Against Humanity
38%
Blue Bomber Gold Bomb
35%
Scat Man Dirty Mind
34%
Isaac's Awakening Spirit Sword
32%
Seeing Double Broken Glasses
29%
Computer Savvy Robo-Baby 2.0
29%
The Host Technology .5
29%
Demo Man Chaos Card
28%
XXXXXXXXL Gold Heart
27%
DELETE THIS Temperance
23%
Onan's Streak Kidney Stone
22%
Cursed! Credit Card
21%
Speed! Get out of Jail Free Card
21%
Bloody Mary Sigil of Baphomet
20%
Cantripped! Justice
19%
Backasswards Laz Bleeds More!
19%
Beans! Burnt Penny
18%
It's In The Cards SMB Super Fan
18%
I RULE! Poker Chip
15%
Pica Run Ice Cube
14%
BRAINS! Stud Finder
13%
Pokey Mans Charged Key
12%
Slow Roll Swallowed Penny
12%
PRIDE DAY! D8
10%
Hot Potato The Chariot
9%
Red Redemption The Hermit
9%
Pong Greed's Gullet
8%
PAY TO PLAY New Pills
8%
Have a Heart New Pills
8%
Baptism by Fire Purgatory
8%
No matching quizzes found
Score Distribution
Percent of People with Each Score
Percentile by Number Answered
Your Score History
You have not taken this quiz